000 003070000a22000970004500
100 1 _aKivengere, Festo
245 1 0 _aSuch love makes the world seem stale : A personal perspective on the East African revival
300 _aVol. 14, Núm 44 (1987), Páginas 11-12
773 0 _tWorld Evangelization
942 _cANA
999 _c58140
_d58140